[Event "Kavala op 30th"]
[Site "Kavala"]
[Date "2021.08.05"]
[Round "6"]
[White "Zaronikas, Dimitrios"]
[Black "Trimitzios, Petros"]
[Result "0-1"]
[WhiteElo "2004"]
[BlackElo "2362"]
[PlyCount "104"]
[EventDate "2021.08.01"]
[EventType "swiss"]
[EventRounds "9"]
[EventCountry "GRE"]
[SourceTitle "CBM 203 Extra"]
[Source "ChessBase"]
[SourceDate "2021.09.30"]
[SourceVersion "1"]
[SourceVersionDate "2021.09.30"]
[SourceQuality "1"]

1. e4 e5 2. Nf3 Nc6 3. Bb5 g6 4. c3 Bg7 5. d4 exd4 6. cxd4 a6 7. Bxc6 dxc6 8. h3 Nf6 9. Nc3 0-0 10. 0-0 h6 11. Re1 Re8 12. Bf4 Be6 13. Rc1 Kh7 14. b3 Qe7 15. d5 Rad8 16. Qe2 cxd5 17. exd5 Nxd5 18. Nxd5 Rxd5 19. Rxc7 Qb4 20. Qc4 Qxc4 21. bxc4 Ra5 22. Rxb7 Rxa2 23. c5 Rc8 24. Rc1 a5 25. Be5 Bxe5 26. Nxe5 Kg7 27. Nd7 a4 28. c6 a3 29. Nb6 Rf8 30. Ra7 Rb8 31. Rb7 Rd8 32. c7 Rdd2 33. c8Q Bxc8 34. Rxc8 Rxf2 35. Nc4 Rxg2+ 36. Kf1 Rh2 37. Kg1 Rhc2 38. Rb1 Rg2+ 39. Kh1 Rh2+ 40. Kg1 Rag2+ 41. Kf1 a2 42. Ra1 Rh1+ 43. Kxg2 Rxa1 44. Ra8 Rc1 45. Rxa2 Rxc4 46. Ra7 g5 47. Kg3 Kg6 48. Ra5 f5 49. Ra6+ Kh5 50. Rf6 f4+ 51. Kg2 Rc2+ 52. Kg1 Kh4 0-1

[Event "Kavala op 30th"]
[Site "Kavala"]
[Date "2021.08.01"]
[Round "1"]
[White "Krallis, Christos"]
[Black "Zaronikas, Dimitrios"]
[Result "1-0"]
[WhiteElo "2447"]
[BlackElo "2004"]
[PlyCount "47"]
[EventDate "2021.08.01"]
[EventType "swiss"]
[EventRounds "9"]
[EventCountry "GRE"]
[SourceTitle "CBM 203 Extra"]
[Source "ChessBase"]
[SourceDate "2021.09.30"]
[SourceVersion "1"]
[SourceVersionDate "2021.09.30"]
[SourceQuality "1"]

1. Nf3 Nf6 2. c4 g6 3. b3 Bg7 4. Bb2 0-0 5. g3 d6 6. Bg2 Nbd7 7. 0-0 e5 8. d3 a5 9. Nc3 Re8 10. Nd2 Nf8 11. a3 c6 12. b4 Bd7 13. Nb3 axb4 14. axb4 Qb6 15. Na4 Qc7 16. c5 d5 17. Nb6 Rad8 18. Ra7 Bc8 19. Na5 Re7 20. Qa4 Rde8 21. Nxc6 Qxc6 22. Qxc6 bxc6 23. Nxc8 Rxa7 24. Nxa7 1-0

[Event "Anogia op 8th"]
[Site "Anogia"]
[Date "2019.08.23"]
[Round "7"]
[White "Lirindzakis, Timotheos"]
[Black "Zaronikas, Dimitrios"]
[Result "1-0"]
[WhiteElo "2154"]
[BlackElo "1953"]
[PlyCount "61"]
[EventDate "2019.08.18"]
[EventType "swiss"]
[EventRounds "9"]
[EventCountry "GRE"]
[SourceTitle "EXT 2020"]
[Source "ChessBase"]
[SourceDate "2019.10.17"]
[SourceVersion "1"]
[SourceVersionDate "2019.10.17"]
[SourceQuality "1"]

1. Nf3 Nf6 2. c4 g6 3. Nc3 Bg7 4. e4 d6 5. d4 0-0 6. Be2 e5 7. d5 a5 8. Bg5 h6 9. Be3 Na6 10. Nd2 Nc5 11. a3 Nfd7 12. b4 Na6 13. 0-0 f5 14. f3 Kh7 15. c5 Qe7 16. Nc4 dxc5 17. b5 Nab8 18. d6 cxd6 19. Nd5 Qd8 20. Nxd6 f4 21. Bf2 b6 22. Nc4 Bb7 23. Ndxb6 Ra7 24. Na4 Qe7 25. Qd6 Qf7 26. Nxc5 Nxc5 27. Bxc5 Ra8 28. Nb6 Na6 29. bxa6 Rad8 30. Qe7 Qg8 31. Bc4 1-0

[Event "Anogia op 8th"]
[Site "Anogia"]
[Date "2019.08.20"]
[Round "4"]
[White "Zaronikas, Dimitrios"]
[Black "Patrelakis, Evaggelos"]
[Result "1/2-1/2"]
[WhiteElo "1953"]
[BlackElo "2245"]
[PlyCount "69"]
[EventDate "2019.08.18"]
[EventType "swiss"]
[EventRounds "9"]
[EventCountry "GRE"]
[SourceTitle "EXT 2020"]
[Source "ChessBase"]
[SourceDate "2019.10.17"]
[SourceVersion "1"]
[SourceVersionDate "2019.10.17"]
[SourceQuality "1"]

1. e4 c5 2. Nf3 d6 3. d4 cxd4 4. Nxd4 Nf6 5. Nc3 Nc6 6. Be2 g6 7. Be3 Bg7 8. 0-0 0-0 9. Nb3 Be6 10. f4 Qc8 11. h3 Rd8 12. Nd4 Bd7 13. g4 Nxd4 14. Bxd4 e5 15. Be3 exf4 16. Bxf4 Be6 17. g5 Qc5+ 18. Kh2 Ne8 19. Nd5 Bxd5 20. Qxd5 Rac8 21. Bd3 Qxd5 22. exd5 Nc7 23. c4 b5 24. Rae1 bxc4 25. Bxc4 Na8 26. Bb3 Bf8 27. Rc1 Nb6 28. Rc6 Nd7 29. Be3 Nc5 30. Bxc5 dxc5 31. Bc4 Rb8 32. b3 Bd6+ 33. Kg2 Rb7 34. h4 Kf8 35. Re1 1/2-1/2

[Event "GRE-ch U16"]
[Site "Patras"]
[Date "2019.06.25"]
[Round "1.11"]
[White "Zaronikas, Dimitrios"]
[Black "Zacharakis, Antonios"]
[Result "1-0"]
[WhiteElo "1959"]
[BlackElo "1547"]
[PlyCount "57"]
[EventDate "2019.06.25"]
[EventType "swiss"]
[EventRounds "9"]
[EventCountry "GRE"]
[SourceTitle "EXT 2020"]
[Source "ChessBase"]
[SourceDate "2019.10.17"]
[SourceVersion "1"]
[SourceVersionDate "2019.10.17"]
[SourceQuality "1"]
[WhiteTeam "Greece"]
[BlackTeam "Greece"]
[WhiteTeamCountry "GRE"]
[BlackTeamCountry "GRE"]

1. d4 Nf6 2. Nf3 b6 3. g3 Bb7 4. Bg2 e6 5. 0-0 d5 6. c4 Be7 7. Nc3 0-0 8. Ne5 Nbd7 9. Qa4 c6 10. Rd1 Nxe5 11. dxe5 Nd7 12. cxd5 exd5 13. f4 b5 14. Qc2 d4 15. Nxb5 cxb5 16. Bxb7 d3 17. Qxd3 Qb6+ 18. Be3 Bc5 19. Qxd7 Bxe3+ 20. Kg2 Rad8 21. Qc6 Qa5 22. e6 Qb4 23. exf7+ Kxf7 24. Rd7+ Rxd7 25. Qxd7+ Qe7 26. Bd5+ Kf6 27. Qc6+ Kf5 28. Kf3 Re8 29. g4# 1-0

[Event "GRE-ch U14"]
[Site "Rio Achaia"]
[Date "2018.07.09"]
[Round "9"]
[White "Zaronikas, Dimitrios"]
[Black "Chatzieleftheriou, Andreas"]
[Result "0-1"]
[WhiteElo "1919"]
[BlackElo "2012"]
[PlyCount "76"]
[EventDate "2018.07.03"]
[EventType "swiss"]
[EventRounds "9"]
[EventCountry "GRE"]
[SourceTitle "EXT 2019"]
[Source "ChessBase"]
[SourceDate "2018.10.10"]
[SourceVersion "1"]
[SourceVersionDate "2018.10.10"]
[SourceQuality "1"]

1. d4 d5 2. Nf3 e6 3. c4 a6 4. cxd5 exd5 5. g3 Nf6 6. Bg2 c6 7. 0-0 Bf5 8. Nc3 Be7 9. Ne5 Nbd7 10. Nd3 0-0 11. e3 Re8 12. h3 Bd6 13. g4 Bxd3 14. Qxd3 Qe7 15. f4 Ne4 16. Bxe4 dxe4 17. Qc2 Rac8 18. Ne2 Nb6 19. Ng3 g6 20. g5 Nd5 21. h4 Qd7 22. Kg2 Qg4 23. Qf2 c5 24. Qd2 Ne7 25. Qd1 Qe6 26. d5 Nxd5 27. Qe2 Ne7 28. Bd2 Nf5 29. Nxf5 Qxf5 30. h5 Rcd8 31. Bc3 Bf8 32. b3 Rd3 33. Bf6 Re6 34. Rh1 Red6 35. Kg3 Rd2 36. Qc4 gxh5 37. Rh4 Rxf6 38. gxf6 Qg6+ 0-1

[Event "GRE-ch U14"]
[Site "Rio Achaia"]
[Date "2018.07.07"]
[Round "7"]
[White "Krallis, Christos"]
[Black "Zaronikas, Dimitrios"]
[Result "0-1"]
[WhiteElo "2132"]
[BlackElo "1919"]
[PlyCount "82"]
[EventDate "2018.07.03"]
[EventType "swiss"]
[EventRounds "9"]
[EventCountry "GRE"]
[SourceTitle "EXT 2019"]
[Source "ChessBase"]
[SourceDate "2018.10.10"]
[SourceVersion "1"]
[SourceVersionDate "2018.10.10"]
[SourceQuality "1"]

1. c4 e5 2. g3 Nc6 3. Bg2 f5 4. Nc3 Nf6 5. e3 e4 6. d3 Bb4 7. d4 Bxc3+ 8. bxc3 d6 9. h4 0-0 10. Nh3 Qe8 11. Nf4 b6 12. Ba3 Ba6 13. c5 dxc5 14. dxc5 Rf7 15. Bf1 Bxf1 16. Kxf1 Ne5 17. Kg2 Nd3 18. Qb3 Kh8 19. Ne6 Ng4 20. Rhf1 h6 21. c6 Nge5 22. Nd4 Rf6 23. h5 Nxc6 24. Rh1 Nce5 25. Nb5 Qd7 26. c4 f4 27. exf4 Qg4 28. Qd1 Nxf4+ 29. Kf1 Qxd1+ 30. Rxd1 Nfd3 31. f4 Nxc4 32. Ke2 c6 33. Nc3 Nxa3 34. Nxe4 Re6 35. Rxd3 Rxe4+ 36. Kf3 Ra4 37. Rd6 Nb5 38. Rd7 Rxa2 39. g4 Ra3+ 40. Ke4 Re8+ 41. Kf5 Rf8+ 0-1

[Event "GRE-ch U14"]
[Site "Rio Achaia"]
[Date "2018.07.05"]
[Round "4"]
[White "Zaronikas, Dimitrios"]
[Black "Petratos, Dimitrios"]
[Result "1-0"]
[WhiteElo "1919"]
[BlackElo "1193"]
[PlyCount "59"]
[EventDate "2018.07.03"]
[EventType "swiss"]
[EventRounds "9"]
[EventCountry "GRE"]
[SourceTitle "EXT 2019"]
[Source "ChessBase"]
[SourceDate "2018.10.10"]
[SourceVersion "1"]
[SourceVersionDate "2018.10.10"]
[SourceQuality "1"]

1. d4 Nf6 2. Nf3 e6 3. c4 d5 4. g3 c6 5. Bg2 Be7 6. 0-0 0-0 7. Nbd2 Nbd7 8. Qc2 b6 9. e4 dxe4 10. Nxe4 Nxe4 11. Qxe4 Bb7 12. Qe2 Rb8 13. Rd1 Re8 14. b3 Nf8 15. Ne5 Rc8 16. Bb2 Qc7 17. h4 Bd6 18. Ng4 Nd7 19. c5 bxc5 20. dxc5 Bxc5 21. Nh6+ gxh6 22. Qg4+ Kf8 23. Rxd7 Qxd7 24. Qg7+ Ke7 25. Bf6+ Kd6 26. Rd1+ Kc7 27. Rxd7+ Kxd7 28. Qxf7+ Kd6 29. Qxb7 Rc7 30. Be5+ 1-0

[Event "GRE-ch Schools Gymnasia-B 30th"]
[Site "Peristeri"]
[Date "2018.04.02"]
[Round "7"]
[White "Goutis, Panagiotis"]
[Black "Zaronikas, Dimitrios"]
[Result "1/2-1/2"]
[WhiteElo "1583"]
[BlackElo "1861"]
[PlyCount "31"]
[EventDate "2018.04.01"]
[EventType "swiss (rapid)"]
[EventRounds "9"]
[EventCountry "GRE"]
[SourceTitle "EXT 2019"]
[Source "ChessBase"]
[SourceDate "2018.10.10"]
[SourceVersion "1"]
[SourceVersionDate "2018.10.10"]
[SourceQuality "1"]

1. d4 Nf6 2. c4 g6 3. Nc3 Bg7 4. e4 d6 5. Be2 0-0 6. Bg5 Nbd7 7. Qd2 c5 8. Nf3 cxd4 9. Nxd4 a6 10. 0-0 Re8 11. f3 Qa5 12. Be3 Ne5 13. Rac1 Nc6 14. Rfd1 Qd8 15. Nxc6 bxc6 16. c5 1/2-1/2

[Event "GRE-ch Schools Gymnasia-B 30th"]
[Site "Peristeri"]
[Date "2018.04.02"]
[Round "9"]
[White "Zaronikas, Dimitrios"]
[Black "Chatzieleftheriou, Andreas"]
[Result "1-0"]
[WhiteElo "1861"]
[BlackElo "1935"]
[PlyCount "77"]
[EventDate "2018.04.01"]
[EventType "swiss (rapid)"]
[EventRounds "9"]
[EventCountry "GRE"]
[SourceTitle "EXT 2019"]
[Source "ChessBase"]
[SourceDate "2018.10.10"]
[SourceVersion "1"]
[SourceVersionDate "2018.10.10"]
[SourceQuality "1"]

1. d4 Nf6 2. c4 e6 3. Nf3 Bb4+ 4. Nbd2 b6 5. g3 Bb7 6. Bg2 0-0 7. 0-0 Be7 8. Qc2 c5 9. dxc5 bxc5 10. b3 d5 11. Ne5 Nc6 12. Nxc6 Bxc6 13. Bb2 Rc8 14. cxd5 exd5 15. Rac1 Bb5 16. Nf3 Qb6 17. Nh4 Qe6 18. Nf5 Bd8 19. Nd4 cxd4 20. Qxc8 Qxe2 21. Bxd4 Bb6 22. Qc3 Bxd4 23. Qxd4 Qxa2 24. Rfe1 Qxb3 25. Qxa7 Bc4 26. Qd4 Rb8 27. Re7 h6 28. Rce1 Qb4 29. R7e3 Rf8 30. Rc1 Rb8 31. Rec3 Qb2 32. h3 Qe2 33. Bf1 Qh5 34. Bxc4 dxc4 35. h4 Rb2 36. Rxc4 Qe2 37. Qf4 h5 38. Rc8+ Kh7 39. Qf5+ 1-0

[Event "GRE-ch Schools Gymnasia-B 30th"]
[Site "Peristeri"]
[Date "2018.04.01"]
[Round "1"]
[White "Liouri, Maria"]
[Black "Zaronikas, Dimitrios"]
[Result "0-1"]
[WhiteElo "1199"]
[BlackElo "1861"]
[PlyCount "52"]
[EventDate "2018.04.01"]
[EventType "swiss (rapid)"]
[EventRounds "9"]
[EventCountry "GRE"]
[SourceTitle "EXT 2019"]
[Source "ChessBase"]
[SourceDate "2018.10.10"]
[SourceVersion "1"]
[SourceVersionDate "2018.10.10"]
[SourceQuality "1"]

1. d4 Nf6 2. c4 g6 3. e3 Bg7 4. Nc3 0-0 5. Nf3 d6 6. Bd2 c5 7. Be2 Nbd7 8. 0-0 a6 9. Qc2 Qc7 10. Rac1 b6 11. h3 e6 12. Rfd1 Bb7 13. Be1 Rfd8 14. b3 Rac8 15. Nh2 d5 16. f3 cxd4 17. exd4 dxc4 18. Bxc4 b5 19. Be2 b4 20. Nf1 bxc3 21. Bxc3 Nd5 22. Bc4 N7b6 23. Qd3 Nxc4 24. bxc4 Qxc4 25. Qxc4 Rxc4 26. Kh1 Rxc3 0-1

[Event "GRE-ch Schools Gymnasia-B 30th"]
[Site "Peristeri"]
[Date "2018.04.01"]
[Round "4"]
[White "Zaronikas, Dimitrios"]
[Black "Nomikos, Giorgos"]
[Result "1-0"]
[WhiteElo "1861"]
[BlackElo "1637"]
[PlyCount "85"]
[EventDate "2018.04.01"]
[EventType "swiss (rapid)"]
[EventRounds "9"]
[EventCountry "GRE"]
[SourceTitle "EXT 2019"]
[Source "ChessBase"]
[SourceDate "2018.10.10"]
[SourceVersion "1"]
[SourceVersionDate "2018.10.10"]
[SourceQuality "1"]

1. Nf3 d5 2. d4 e6 3. c4 c6 4. g3 Bd6 5. Bg2 f5 6. 0-0 Nf6 7. Nbd2 0-0 8. b3 Nbd7 9. Bb2 Ne4 10. Ne5 Qf6 11. Nd3 Qg5 12. Nf3 Qf6 13. Nfe5 Bxe5 14. dxe5 Qh6 15. Qc2 Re8 16. f3 Ng5 17. h4 Nf7 18. f4 Qg6 19. Kh2 Nh6 20. Bf3 Ng4+ 21. Bxg4 Qxg4 22. cxd5 exd5 23. Nf2 Qh5 24. Rac1 Re6 25. a4 b6 26. Nd1 Ba6 27. Rf3 Rc8 28. Ne3 Bb7 29. Qxf5 Qxf5 30. Nxf5 Nc5 31. Nd6 Rc7 32. f5 Ree7 33. f6 gxf6 34. Rxf6 Nxb3 35. Rcf1 d4 36. e6 c5 37. Nf5 Re8 38. Nd6 Ree7 39. Rf8+ Kg7 40. Ne8+ Kg6 41. R8f6+ Kh5 42. R1f5+ Kg4 43. Rg5# 1-0

[Event "GRE-ch U14"]
[Site "Achaia"]
[Date "2017.06.29"]
[Round "5"]
[White "Zaronikas, Dimitrios"]
[Black "Thomaidis, Panagiotis Georgios"]
[Result "1-0"]
[WhiteElo "1769"]
[BlackElo "1446"]
[PlyCount "51"]
[EventDate "2017.06.26"]
[EventType "swiss"]
[EventRounds "9"]
[EventCountry "GRE"]
[SourceTitle "EXT 2018"]
[Source "ChessBase"]
[SourceDate "2017.10.13"]
[SourceVersion "1"]
[SourceVersionDate "2017.10.13"]
[SourceQuality "1"]

1. e4 c5 2. Nf3 Nc6 3. d4 cxd4 4. Nxd4 Qb6 5. Nb3 Nf6 6. Nc3 e6 7. Be3 Qc7 8. a3 a6 9. Bd3 d6 10. f4 Be7 11. 0-0 b5 12. Qe1 Ng4 13. Bd2 0-0 14. Qg3 Nf6 15. Kh1 Bd7 16. Rae1 b4 17. axb4 Nxb4 18. e5 dxe5 19. fxe5 Nh5 20. Qf3 Nxd3 21. cxd3 g6 22. Bh6 Ng7 23. Nd2 Kh8 24. Nde4 Qxe5 25. Ng5 Qf5 26. Qb7 1-0

[Event "GRE-chT 43rd"]
[Site "Porto Rio"]
[Date "2015.10.12"]
[Round "7.9"]
[White "Tzemanakis, Nikolaos"]
[Black "Zaronikas, Dimitrios"]
[Result "1/2-1/2"]
[WhiteElo "1432"]
[BlackElo "1562"]
[PlyCount "108"]
[EventDate "2015.10.08"]
[EventType "team-swiss"]
[EventRounds "7"]
[EventCountry "GRE"]
[SourceTitle "CBM 168 Extra"]
[Source "ChessBase"]
[SourceDate "2015.10.29"]
[SourceVersion "1"]
[SourceVersionDate "2015.10.29"]
[SourceQuality "1"]
[WhiteTeam "Chania Kydon"]
[BlackTeam "Patron"]
[WhiteTeamCountry "GRE"]
[BlackTeamCountry "GRE"]

1. e4 c5 2. Nf3 d6 3. d4 cxd4 4. Nxd4 Nf6 5. Nc3 g6 6. g3 Bg7 7. Bg2 0-0 8. 0-0 Nc6 9. Nde2 Bd7 10. h3 Rc8 11. Kh2 Qa5 12. Nd5 Nxd5 13. exd5 Ne5 14. Bd2 Qa6 15. Bc3 Nc4 16. Bxg7 Kxg7 17. b3 Na5 18. Nf4 Bf5 19. c4 Kg8 20. Re1 Rfe8 21. Qd4 Rc7 22. Rac1 Qb6 23. Qxb6 axb6 24. Bf1 Rec8 25. g4 g5 26. gxf5 gxf4 27. Re4 b5 28. Rxf4 bxc4 29. b4 Nb3 30. axb3 cxb3 31. Rxc7 Rxc7 32. Rg4+ Kh8 33. Rg1 b2 34. Bd3 Rc1 35. Bb1 f6 36. f4 b5 37. h4 h5 38. Bd3 Rc4 39. Rb1 Rxb4 40. Kg2 Rd4 41. Bxb5 Rxd5 42. Rxb2 Rxf5 43. Kg3 e5 44. fxe5 fxe5 45. Rf2 Rxf2 46. Kxf2 Kg7 47. Kf3 d5 48. Bc6 d4 49. Ke4 Kf6 50. Be8 Kg7 51. Bxh5 Kh6 52. Kxe5 Kxh5 53. Kxd4 Kg4 54. h5 Kxh5 1/2-1/2

[Event "GRE-chT 43rd"]
[Site "Porto Rio"]
[Date "2015.10.08"]
[Round "2.12"]
[White "Gavriil, Odysseas Panagiotis"]
[Black "Zaronikas, Dimitrios"]
[Result "0-1"]
[WhiteElo "1393"]
[BlackElo "1562"]
[PlyCount "74"]
[EventDate "2015.10.08"]
[EventType "team-swiss"]
[EventRounds "7"]
[EventCountry "GRE"]
[SourceTitle "CBM 168 Extra"]
[Source "ChessBase"]
[SourceDate "2015.10.29"]
[SourceVersion "1"]
[SourceVersionDate "2015.10.29"]
[SourceQuality "1"]
[WhiteTeam "Kalamarias Han"]
[BlackTeam "Patron"]
[WhiteTeamCountry "GRE"]
[BlackTeamCountry "GRE"]

1. e4 c5 2. Nf3 d6 3. d4 cxd4 4. Nxd4 Nf6 5. Nc3 g6 6. Be2 Bg7 7. 0-0 0-0 8. Kh1 Nc6 9. Be3 Bd7 10. f4 a6 11. f5 b5 12. a3 Qc7 13. fxg6 hxg6 14. Rc1 Ne5 15. Nd5 Nxd5 16. exd5 Nc4 17. Bxc4 Qxc4 18. c3 Qxd5 19. Qd2 Qh5 20. Ne2 Be5 21. Nf4 Qh4 22. Bd4 Bc6 23. Rce1 Qg5 24. Be3 Qh4 25. Bd4 g5 26. Nh3 Qxh3 27. Qxg5+ Kh8 28. Bxe5+ dxe5 29. Qxe5+ f6 30. Qe2 Rg8 31. Rf2 Rg7 32. Qf1 Rag8 33. Ree2 f5 34. Rd2 f4 35. Rc2 Rxg2 36. Rxg2 Rxg2 37. Rxg2 f3 0-1

[Event "GRE-chT 43rd"]
[Site "Porto Rio"]
[Date "2015.10.08"]
[Round "1.4"]
[White "Zaronikas, Dimitrios"]
[Black "Krallis, Christos"]
[Result "1/2-1/2"]
[WhiteElo "1562"]
[BlackElo "1859"]
[PlyCount "86"]
[EventDate "2015.10.08"]
[EventType "team-swiss"]
[EventRounds "7"]
[EventCountry "GRE"]
[SourceTitle "CBM 168 Extra"]
[Source "ChessBase"]
[SourceDate "2015.10.29"]
[SourceVersion "1"]
[SourceVersionDate "2015.10.29"]
[SourceQuality "1"]
[WhiteTeam "Patron"]
[BlackTeam "Nice Fysiolatris"]
[WhiteTeamCountry "GRE"]
[BlackTeamCountry "GRE"]

1. e4 c5 2. Nf3 e6 3. d4 cxd4 4. Nxd4 Nf6 5. Nc3 Nc6 6. Be3 Bb4 7. f3 d5 8. Bb5 Qa5 9. Nxc6 Qxb5 10. Nxb4 Qxb4 11. exd5 0-0 12. 0-0 Rd8 13. a3 Qa5 14. d6 Qe5 15. Qd4 Qxd4 16. Bxd4 Rxd6 17. Rad1 Nd5 18. Be5 Rd8 19. Nxd5 exd5 20. Rd4 Be6 21. Rfd1 Rdc8 22. R1d2 Rc6 23. Rb4 b6 24. Bc3 Re8 25. Rbd4 f6 26. Re2 Kf7 27. f4 Rd6 28. Red2 Red8 29. Bb4 R6d7 30. a4 a5 31. Ba3 Bf5 32. c3 Ke6 33. b4 Be4 34. b5 f5 35. Kf1 Rc8 36. Bb2 Rdc7 37. Re2 Rc4 38. Red2 Rxd4 39. Rxd4 Rc4 40. Rd2 Rxa4 41. Rd4 Rxd4 42. cxd4 Bd3+ 43. Ke1 Bxb5 1/2-1/2

[Event "GRE-ch U12"]
[Site "Rio Achaia"]
[Date "2015.07.02"]
[Round "9.9"]
[White "Zaronikas, Dimitrios"]
[Black "Tsarsitalidis, Konstantinos"]
[Result "1-0"]
[WhiteElo "1612"]
[BlackElo "1329"]
[PlyCount "61"]
[EventDate "2015.06.26"]
[EventType "swiss"]
[EventRounds "9"]
[EventCountry "GRE"]
[SourceTitle "EXT 2024"]
[Source "ChessBase"]
[SourceDate "2023.10.10"]
[SourceVersion "1"]
[SourceVersionDate "2023.10.10"]
[SourceQuality "1"]

1. e4 c5 2. Nf3 d6 3. Bb5+ Bd7 4. Bxd7+ Qxd7 5. 0-0 Nc6 6. c3 Nf6 7. Re1 e6 8. d4 cxd4 9. cxd4 g6 10. d5 Ne7 11. dxe6 fxe6 12. Bg5 Bg7 13. Nc3 0-0 14. Bxf6 Bxf6 15. e5 Bg7 16. Qxd6 Qxd6 17. exd6 Nd5 18. Rxe6 Bxc3 19. bxc3 Nxc3 20. Re7 b6 21. Rb7 Ne4 22. Rd1 Rfd8 23. d7 Nc5 24. Rc7 Ne6 25. Rc6 Nc5 26. Rcd6 Rab8 27. Ne5 Rb7 28. Rc6 Rbb8 29. Rc7 Rb7 30. Rxb7 Nxb7 31. Nc6 1-0

[Event "GRE-ch U12"]
[Site "Rio Achaia"]
[Date "2015.06.28"]
[Round "4.13"]
[White "Kokkalis, Grigorios"]
[Black "Zaronikas, Dimitrios"]
[Result "0-1"]
[WhiteElo "1304"]
[BlackElo "1612"]
[PlyCount "42"]
[EventDate "2015.06.26"]
[EventType "swiss"]
[EventRounds "9"]
[EventCountry "GRE"]
[SourceTitle "EXT 2024"]
[Source "ChessBase"]
[SourceDate "2023.10.10"]
[SourceVersion "1"]
[SourceVersionDate "2023.10.10"]
[SourceQuality "1"]

1. e4 c5 2. Nf3 Nc6 3. d4 cxd4 4. Nxd4 Nf6 5. Nc3 d6 6. Be2 g6 7. 0-0 Bg7 8. Be3 0-0 9. Qd2 Bd7 10. Rad1 Rc8 11. Rfe1 Ne5 12. h3 Nc4 13. Bxc4 Rxc4 14. f4 Qb8 15. f5 Rfc8 16. Bh6 Rxd4 17. Qxd4 Bxh6 18. fxg6 hxg6 19. e5 dxe5 20. Rxe5 Rc4 21. Qf2 Qxe5 0-1

[Event "GRE-ch U10"]
[Site "Greece"]
[Date "2014.07.07"]
[Round "6"]
[White "Gavriil, Odysseas Panagiotis"]
[Black "Zaronikas, Dimitrios"]
[Result "0-1"]
[WhiteElo "1243"]
[BlackElo "1207"]
[PlyCount "130"]
[EventDate "2014.07.04"]
[EventType "swiss"]
[EventRounds "9"]
[EventCountry "GRE"]
[SourceTitle "EXT 2017"]
[Source "ChessBase"]
[SourceDate "2016.10.25"]
[SourceVersion "1"]
[SourceVersionDate "2016.10.25"]
[SourceQuality "1"]

1. c4 Nf6 2. g3 e5 3. Bg2 Bc5 4. Nc3 0-0 5. e3 Nc6 6. Nge2 Re8 7. 0-0 d6 8. h3 Bf5 9. d4 exd4 10. Nxd4 Bxd4 11. exd4 Nb4 12. a3 Nc6 13. Be3 Qd7 14. Kh2 h5 15. Qf3 g6 16. Rad1 Kg7 17. Rfe1 Rh8 18. Bg5 Nh7 19. Be3 Nf6 20. Rh1 Bg4 21. Qf4 Bxd1 22. Nxd1 Qf5 23. Qxf5 gxf5 24. Nc3 h4 25. Nb5 hxg3+ 26. Kxg3 Ne8 27. h4 a6 28. Nc3 Nf6 29. Ne2 Nh5+ 30. Kf3 Rae8 31. Bh3 f4 32. Rg1+ Kf8 33. Nxf4 Nxf4 34. Kxf4 Rxh4+ 35. Bg4 Na5 36. Kf3 Nxc4 37. Bd7 Rb8 38. Rc1 Nxe3 39. fxe3 c6 40. Rf1 Ke7 41. Kg3 Rh5 42. Bg4 Rg8 43. Kf4 Rh4 44. Rg1 Rhxg4+ 45. Rxg4 Rxg4+ 46. Kxg4 Ke6 47. Kf3 Kd5 48. Kf4 Kc4 49. Kf5 d5 50. Ke5 c5 51. dxc5 Kxc5 52. Kf6 Kc4 53. Kxf7 Kd3 54. Ke6 Kxe3 55. Kxd5 Kd3 56. Kc5 Kc2 57. a4 Kxb2 58. a5 Ka3 59. Kb6 Kb4 60. Kxb7 Kxa5 61. Kc6 Kb4 62. Kd5 a5 63. Kd4 a4 64. Kd3 Kb3 65. Kd2 a3 0-1